MARC details
| 000 -CABECERA |
| campo de control de longitud fija |
03277cam a22002778i 4500 |
| 001 - NÚMERO DE CONTROL |
| campo de control |
23694466 |
| 005 - FECHA Y HORA DE LA ÚLTIMA TRANSACCIÓN |
| campo de control |
20250508131143.0 |
| 008 - DATOS DE LONGITUD FIJA--INFORMACIÓN GENERAL |
| campo de control de longitud fija |
240515s2025 mau b 001 0 eng |
| 010 ## - NÚMERO DE CONTROL DE LA BIBLIOTECA DEL CONGRESO |
| Número de control de LC |
2024019390 |
| 020 ## - NÚMERO INTERNACIONAL ESTÁNDAR DEL LIBRO |
| Número Internacional Estándar del Libro |
9780262049092 |
| Información calificativa |
(hardcover) |
| 040 ## - FUENTE DE LA CATALOGACIÓN |
| Centro catalogador/agencia de origen |
DLC |
| Lengua de catalogación |
eng |
| Normas de descripción |
rda |
| Centro/agencia transcriptor |
DLC |
| Centro/agencia modificador |
DLC |
| 042 ## - CÃDIGO DE AUTENTICACIÃN |
| Código de autenticación |
pcc |
| 050 00 - SIGNATURA TOPOGRÁFICA DE LA BIBLIOTECA DEL CONGRESO |
| Número de clasificación |
QH45.5 |
| Número de documento/Ítem |
.S36 2025 |
| 100 ## - ENTRADA PRINCIPAL--NOMBRE DE PERSONA |
| Nombre de persona |
Schilthuizen, Menno, |
| Término indicativo de función/relación |
author. |
| 9 (RLIN) |
25159 |
| 245 14 - MENCIÓN DE TÍTULO |
| Título |
The urban naturalist |
| Resto del título |
: how to make the city your scientific playground |
| Mención de responsabilidad, etc. |
/ Menno Schilthuizen ; illustrations by Jono Nussbaum. |
| 264 #1 - PRODUCCIÓN, PUBLICACIÓN, DISTRIBUCIÓN, FABRICACIÓN Y COPYRIGHT |
| Producción, publicación, distribución, fabricación y copyright |
Cambridge, Massachusetts : |
| Nombre del de productor, editor, distribuidor, fabricante |
The MIT Press, |
| Fecha de producción, publicación, distribución, fabricación o copyright |
[2025] |
| 300 ## - DESCRIPCIÓN FÍSICA |
| Extensión |
xvii, 291 pages : illustrations ; 24 cm |
| 504 ## - NOTA DE BIBLIOGRAFÍA, ETC. |
| Nota de bibliografía, etc. |
Includes bibliographical references and index. |
| 505 ## - NOTA DE CONTENIDO CON FORMATO |
| Nota de contenido con formato |
Part I: Build your own down house: We can all be Victorian naturalists now.<br/>The age of the amateur — Rock vacations — Darwin @home — Labs for everyone — Virtual academia — On Chesil beachcombing — Dead bug becomes specimen.<br/><br/>Part II: The city is your Galápagos: The urban as the naturalist's goldmine.<br/>Hidden riches — Nov. spec. — Urban islands — Involuntary slaughter — It's a trap! — Animal architects of the Anthropocene — The accidental ecosystem — On the origin of urban species — We are a node.<br/><br/>Part III: Knowledge is power: The urban naturalist-conservationist.<br/>Speak softly and carry a big stick insect — Tak kenal maka tak cinta — Let it grow. |
| 520 ## - SUMARIO, ETC. |
| Sumario, etc. |
A manifesto—and a field guide—for a new dawn of natural history, practiced by community scientists in their own urban jungle.<br/><br/>Imagine taking your smartphone-turned-microscope to an empty lot and discovering a rare mason bee that builds its nest in empty snail shells. Or a miniature spider that hunts ants and carries their corpses around. With a team of citizen scientists, that's exactly what Menno Schilthuizen did—one instance in the evolutionary biologist's campaign to take natural science to the urban landscape where most of us live today. In this delightful book, The Urban Naturalist, Schilthuizen invites us to join him, to embark on a new age of discovery, venturing out as intrepid explorers of our own urban habitat—and maybe in the process do the natural world some good.<br/><br/>Thanks to the open science revolution, real biological discoveries can now be made by anyone right where they live. Schilthuizen shows readers just how to go about making those discoveries, introducing them to the tools of the trade of the urban community scientist, from the tried and tested (the field notebook, the butterfly net, and the hand lens) to the newfangled (internet resources, low-tech gadgets, and off-the-shelf gizmos). But beyond technology, his book holds the promise of reviving the lost tradition of the citizen scientist—rekindling the spirit of the Victorian naturalist for the modern world.<br/><br/>At a time when the only nature most people get to see is urban, The Urban Naturalist demonstrates that understanding the novel ecosystems around us is our best hope for appreciating and protecting biodiversity. |
| 650 #0 - PUNTO DE ACCESO ADICIONAL DE MATERIA--TÉRMINO DE MATERIA |
| Término de materia o nombre geográfico como elemento de entrada |
Natural history |
| Subdivisión de forma |
Popular works. |
| 650 #0 - PUNTO DE ACCESO ADICIONAL DE MATERIA--TÉRMINO DE MATERIA |
| Término de materia o nombre geográfico como elemento de entrada |
Urban animals |
| Subdivisión de forma |
Popular works. |
| 650 #0 - PUNTO DE ACCESO ADICIONAL DE MATERIA--TÉRMINO DE MATERIA |
| Término de materia o nombre geográfico como elemento de entrada |
Urban plants |
| Subdivisión de forma |
Popular works. |
| 700 ## - ENTRADA AGREGADA--NOMBRE PERSONAL |
| Nombre de persona |
Nussbaum, Jono, |
| Término indicativo de función/relación |
illustrator. |
| 9 (RLIN) |
25166 |
| 942 ## - ELEMENTOS DE ENTRADA AGREGADA (KOHA) |
| Fuente del sistema de clasificación o colocación |
Clasificación de Library of Congress |